00697nam a2200193 a 4500001001000000005001700010008004100027041000800068084001500076100001500091245011700106300002700223500010000250650002000350902000800370942001100378999001500389952009900404BRCA_912820190320210529.0061017ss/a-----sp-#######---#000-0#spa-# aspa aCO80b.A661 aN/A92167810aAño panegírico (sin portada)bmes de noviembre: sermón para el día de la festividad de todos los santos. a388 p.c20.8 x 15.3 cm aEstado físico: presenta encuadernación en pergamino con lomo semi desprendido y sin portada14aSermones921350 aCFM 2lcccB c8776d8776 00104070aBRCAbBRCAd2017-10-06l0oCO80 .A66pCFM00485r2019-03-22 00:00:00w2019-03-22yB